000 01010nam a22002897a 4500
001 2681
005 20240111152430.0
020 _a0590617303
040 _aJQA
_cJQA
_dDLC
_beng
050 0 0 _aPZ7.L8432
082 _a813.54
100 1 _aLondon, Jonathan
_d1947-
245 1 0 _aFroggy gets dressed /
_cby London, Jonathan : illustrated by Remkiewicz, Frank
250 _aFirst Scholastic printing, December 1995
260 _aNew York :
_bScholastic,
_c1992
300 _a28 unnumbered pages :
_bcolor illustrations ;
_e21 cm .
505 _aF
520 _aRambunctious Froggy hops out into the snow for a winter frolic but is called back by his mother to put on some necessary articles of clothing.
521 _a300
_bLexile
521 _aF
_bRaz-Plus
650 1 _aFrogs
_xFiction.
650 1 _aClothing and dress
_xFiction.
650 1 _aSnow
_xFiction.
700 1 _aRemkiewicz, Frank
_eillustrator
906 _a0
_bcbc
_ccopycat
_d3
_encip
_f19
_gy-soundrec
942 _2ddc
_cBK
_n0
999 _c2681
_d2681